Central Library OPAC University of Rajshahi

President without precedent : (Record no. 27123)

MARC details
000 -LEADER
fixed length control field 00691cam a22002411 4500
001 - CONTROL NUMBER
control field 27123
003 - CONTROL NUMBER IDENTIFIER
rucl marc code BD-RjUL
005 - DATE AND TIME OF LATEST TRANSACTION
control field 20211209051121.0
008 - FIXED-LENGTH DATA ELEMENTS--GENERAL INFORMATION
fixed length control field 860212s1960 pk a 000 0beng
035 ## - SYSTEM CONTROL NUMBER
System control number (BD-RjUL)
System control number (OCoLC)13141707
040 ## - CATALOGING SOURCE
Original cataloging agency DLC
Transcribing agency KyU
Modifying agency DLC
Language of cataloging eng
041 ## - LANGUAGE CODE
Language code of text/sound track or separate title eng
082 ## - DEWEY DECIMAL CLASSIFICATION NUMBER
Classification number 954.7
Author mark and year SAP 1960
100 1# - MAIN ENTRY--PERSONAL NAME
Personal name Saeed, S. A.,
Dates associated with a name 1920-
9 (RLIN) 83282
245 10 - TITLE STATEMENT
Title President without precedent :
Remainder of title a brilliant account of Ayub and his regime /
260 ## - PUBLICATION, DISTRIBUTION, ETC. (IMPRINT)
Place of publication, distribution, etc. Lahore :
Name of publisher, distributor, etc. Lahore Book Depot ,
Date of publication, distribution, etc. 1960.
300 ## - PHYSICAL DESCRIPTION
Pagination 129 p. :
Illustrations illus. ;
Size 22 cm.
600 20 - SUBJECT ADDED ENTRY--PERSONAL NAME
Personal name Ayub Khan, Mohammad,
Dates associated with a name 1907-1974.
942 ## - ADDED ENTRY ELEMENTS (KOHA)
Source of classification or shelving scheme Dewey Decimal Classification
Koha item type Books
Holdings
Lost status Source of classification or shelving scheme Damaged status Not for loan Collection code Permanent Location Current Location Shelving location Date acquired Source of acquisition Cost, normal purchase price Total Checkouts Full call number Date last seen Copy number Koha item type
  Dewey Decimal Classification   Added to bundle Non-fiction Central Library, University of Rajshahi Central Library, University of Rajshahi Reading Room 21/08/1968 Pakistan law house 67.00   954.7 SAP 1960 24/03/2014 C-1 Books
  Dewey Decimal Classification     Non-fiction Central Library, University of Rajshahi Central Library, University of Rajshahi   21/08/1968 Pakistan law house 7.00   954.7 SAP 1960 24/03/2014 C-2 Books
  Dewey Decimal Classification     Non-fiction Central Library, University of Rajshahi Central Library, University of Rajshahi   21/08/1968 Karachi; Inst. Dev 7.00   954.7 SAP 1960 01/03/2017 C-1 Books